Country of which official name is the same as its common name - Statistics

General Stats
  • This quiz has been taken 74 times
  • The average score is 9 of 28
Answer Stats
Country % Correct
Canada
76%
Japan
66%
Ireland
55%
New Zealand
41%
Ukraine
40%
Antigua and Barbuda
38%
Democratic Republic of the Congo
38%
Republic of the Congo
38%
United Arab Emirates
38%
Jamaica
34%
Belize
33%
Malaysia
33%
Barbados
31%
Romania
31%
Saint Lucia
31%
Dominican Republic
29%
Mongolia
29%
Saint Vincent and the Grenadines
29%
Solomon Islands
28%
Tuvalu
28%
Czech Republic
26%
Hungary
24%
Turkmenistan
21%
Bosnia and Herzegovina
19%
Central African Republic
19%
Georgia
17%
Montenegro
17%
Burkina Faso
16%
No matching quizzes found
Score Distribution
Percent of People with Each Score
Percentile by Number Answered
Your Score History
You have not taken this quiz